Statistics for AFL Stadiums 2024

Click here to take the quiz!

General Stats

  • This quiz has been taken 57 times
    (25 since last reset)
  • The average score is 9 of 17

Answer Stats

HintAnswer% Correct
MelbourneMCG
100%
AdelaideAdelaide Oval
85%
MelbourneMarvel Stadium
85%
GeelongGMHBA Stadium
80%
SydneySCG
80%
BrisbaneGabba
70%
PerthOptus Stadium
70%
BallaratMars Stadium
60%
CanberraManuka Oval
45%
AdelaideNorwood Oval
45%
SydneyENGIE Stadium
35%
AdelaideAdelaide Hills
30%
LauncestonUTAS Stadium
25%
HobartBlundstone Arena
15%
Gold CoastPeople First Stadium
15%
DarwinTIO Stadium
15%
Alice SpringsTIO Traeger Park
5%

Score Distribution

Percentile by Number Answered

Percent of People with Each Score

Your Score History

You have not taken this quiz since the last reset